Vom Speziesvierteltaler zum Ephraimiten - Versuch einer Chronologie der sächsisch-polnisch-preußischen Achtgroschenmünzen von 1753 bis 1763

Titel: Vom Speziesvierteltaler zum Ephraimiten - Versuch einer Chronologie der sächsisch-polnisch-preußischen Achtgroschenmünzen von 1753 bis 1763 / Elke Bannicke und Lothar Tewes
Verfasser: ;
In: Beiträge zur brandenburgisch-preussischen Numismatik, Heft 25 (2017), Seite 75-120
alle Artikel anzeigen
Veröffentlicht: 2017
Umfang: Illustrationen
Format: Aufsatz
Sprache: Deutsch
Schlagworte:
Kein Bild verfügbar
X
alg: 42758006
001A    $03025:16-03-18 
001B    $01999:05-09-18 $t23:03:40.000 
001C    $03025:16-03-18 $t10:58:05.000 
001D    $03025:16-03-18 
001U    $0utf8 
001X    $00 
002@    $0Aou 
002C    $aText $btxt $2rdacontent 
002D    $aohne Hilfsmittel zu benutzen $bn $2rdamedia 
002E    $aBand $bnc $2rdacarrier 
003@    $0427580064 
007A    $0427580064 $aHEB 
010@    $ager 
010E    $erda 
011@    $a2017 
021A    $aVom Speziesvierteltaler zum Ephraimiten - Versuch einer Chronologie der sächsisch-polnisch-preußischen Achtgroschenmünzen von 1753 bis 1763 $hElke Bannicke und Lothar Tewes 
028A    $BVerfasser $#Tewes-Bannicke, Elke $4aut $7138071233 $8Bannicke, Elke$Z1955- [Tp3] $9211928372 
028C    $BVerfasser $4aut $71166246701 $8Tewes, Lothar$Z1941- [Tp3] $9435672347 
031A    $e25 $h75-120 $j2017 
034M    $aIllustrationen 
039B    $aEnthalten in $8--Abvc--. Beiträge zur brandenburgisch-preussischen Numismatik. - Berlin : Numismatischer Arbeitskreis Brandenburg/Preußen, 1990-. - ISSN 2569-8478 $x201700000000025925 $9047032243 
044K    $RKongresspolen $RWestgalizien $#Generalgouvernement Polen $#Polska $#Rzeczpospolita Polska $#Polska Rzeczpospolita Ludowa $#Poland $#Pologne $#République Polonaise $#Generalne Gubernatorstwo w Polsce $#Polish People's Republic $#Polska Rzeczpospolita Polen $#PRL $#RP $#Polen Generalgouvernement $#Polska Generalgouvernement $#Besetzte Polnische Gebiete $#Besetztes Gebiet in Polen $#Okupowane Polskie Obszary $#Obszary Okupowane w Polsce $#Volksrepublik Polen $#Polska Rosyjska $#Republic Polen $#Respublika Pol'ša $#Pol'skaja Narodnaja Respublika $#République de Pologne $#Polen Links der Weichsel $#Polska po Lewej Stronie Wisły $#Lenkija $#Polija $#Gubernija Carstva Pol'skago $#Republik Polen $74046496-9 $8Polen [Tg1] $9085129801 
044K    $#Sachsen $#Sachsen $#Sakska $#Sajonia $#Sasko $#Königreich Sachsen $#Kurfürstentum Sachsen $#Land Sachsen $#Kursachsen $#Freistaat Sachsen $#Free State of Saxony $#Saxe $#Saxony $#Chur-Sachsen $#Etat Libre de Saxe $#Republik Sachsen $74051176-5 $8Sachsen [Tg1] $9085142662 
044K    $RHerzogtum Preußen $#Preußen $#Preußen $#Brandenburg-Preußen $#Königreich Preußen $#Preußische Staaten $#Preußischer Staat $#Der @Preußische Staat $#Königlich Preußische Staaten $#Prusy Królewskie $#Königlich Preußen $#Prussia $74047194-9 $8Preußen [Tg1] $9085131652 
044K    $RGeld $RMedaille $RNumismatik $#Coins $#Monnaies $#Monete $#Monedas $#Münzen $#Metallgeld $#Münzen $74040629-5 $8Münze [Ts1] $9085111147 
045R    $aGeschichte 1753-1763 
045T    $a8,1 

lok: 42758006 78

exp: 42758006 78 1 #EPN
201B/01 $016-03-18 $t10:57:43.000 
201C/01 $016-03-18 
201U/01 $0utf8 
203@/01 $01019922516 
208@/01 $a16-03-18 $be 
209A/01 $a/ $f000 $x00 
209A/01 $ab*p $x01 
220C/01 $apgar 
244Z/01 $#Generalgouvernement Polen $#Polska $#Rzeczpospolita Polska $#Polska Rzeczpospolita Ludowa $#Poland $#Pologne $#République Polonaise $#Generalne Gubernatorstwo w Polsce $#Polish People's Republic $#Polska Rzeczpospolita Polen $#PRL $#RP $#Polen Generalgouvernement $#Polska Generalgouvernement $#Besetzte Polnische Gebiete $#Besetztes Gebiet in Polen $#Okupowane Polskie Obszary $#Obszary Okupowane w Polsce $#Volksrepublik Polen $#Polska Rosyjska $#Republic Polen $#Respublika Pol'ša $#Pol'skaja Narodnaja Respublika $#République de Pologne $#Polen Links der Weichsel $#Polska po Lewej Stronie Wisły $#Lenkija $#Polija $#Gubernija Carstva Pol'skago $#Republik Polen $74046496-9 $8--Tg1--Polen $x01 $9085129801 
247C/01 $82080>Marburg/Lahn, Herder-Institut, Forschungsbibliothek, Bibliographieportal $9336309341
LEADER 00000caa a2200000 c 4500
001 427580064
003 DE-603
005 20180905230340.0
007 tu
008 180316s2017 xx |||| | u00||u|ger c
035 |a (DE-599)HEB427580064 
040 |a DE-603  |b ger  |c DE-603  |d DE-603  |e rda 
041 |a ger 
084 |a 8,1  |2 ssgn 
100 1 |a Bannicke, Elke  |d 1955-  |e Verfasser  |4 aut  |0 (DE-603)211928372  |0 (DE-588)138071233  |2 gnd 
245 0 0 |a Vom Speziesvierteltaler zum Ephraimiten - Versuch einer Chronologie der sächsisch-polnisch-preußischen Achtgroschenmünzen von 1753 bis 1763  |c Elke Bannicke und Lothar Tewes 
264 0 |c 2017 
300 |b Illustrationen 
336 |a Text  |b txt  |2 rdacontent 
337 |a ohne Hilfsmittel zu benutzen  |b n  |2 rdamedia 
338 |a Band  |b nc  |2 rdacarrier 
648 7 |a Geschichte 1753-1763  |2 gnd 
650 7 |a Münze  |0 (DE-588)4040629-5  |0 (DE-603)085111147  |2 gnd 
651 7 |a Polen  |0 (DE-588)4046496-9  |0 (DE-603)085129801  |2 gnd 
651 7 |a Sachsen  |0 (DE-588)4051176-5  |0 (DE-603)085142662  |2 gnd 
651 7 |a Preußen  |0 (DE-588)4047194-9  |0 (DE-603)085131652  |2 gnd 
700 1 |a Tewes, Lothar  |d 1941-  |e Verfasser  |4 aut  |0 (DE-603)435672347  |0 (DE-588)1166246701  |2 gnd 
773 0 8 |i Enthalten in  |t Beiträge zur brandenburgisch-preussischen Numismatik  |d Berlin : Numismatischer Arbeitskreis Brandenburg/Preußen, 1990-  |h 21 cm  |x 2569-8478  |g Heft 25 (2017), Seite 75-120  |w (DE-603)047032243  |w (DE-600)30302-1 
924 0 |9 2080  |a (DE-603)1019922516  |b DE-2080  |c HES  |d d  |g /